|
|
|
|
| LEADER |
00000nab a2200000 a 4500 |
| 001 |
vtls000509997 |
| 003 |
SK-MaSNL |
| 005 |
20260304085141.0 |
| 008 |
250425c1994 xo 0 slo |
| 015 |
|
|
|a SNBRB19rr/mm-uuuuu
|
| 035 |
|
|
|a CL0510135
|
| 035 |
|
|
|a urn:nbn:sk:snk-ab6u7i
|
| 035 |
|
|
|a (uuid)f637924e-a75d-4b56-9551-d43c41b001e7
|
| 035 |
|
|
|a (urnnbn)urn:nbn:sk:snk:ar-a05ybn
|
| 035 |
|
|
|a (sysno)vtls000509997
|
| 040 |
|
|
|a SNKBUCL
|b slo
|c SNKBUCL
|e AACR2
|
| 041 |
0 |
|
|a slo
|
| 044 |
|
|
|a xo
|c SK
|
| 080 |
|
|
|a 616.89-056.8:613.81:613.83
|2 1981
|
| 080 |
|
|
|a 613.81
|2 1981
|
| 080 |
|
|
|a 613.83
|2 1981
|
| 100 |
1 |
|
|a Kolibáš, Eduard,
|d 1938-
|4 aut
|9 13608
|
| 245 |
1 |
0 |
|a Abúzus návykových látok u pacientov závislých od alkoholu
|c Eduard Kolibáš, Vladimír Novotný, I. André
|
| 300 |
|
|
|b Grafy 3, tab. 1, res. angl., slov., lit. 10 zázn. v angl., češ., nem., slov.
|
| 650 |
0 |
7 |
|a alkoholizmus
|2 snkbucl
|9 14184
|
| 650 |
0 |
7 |
|a drogová závislosť
|2 snkbucl
|9 1551
|
| 655 |
|
7 |
|a články z novín a časopisov
|2 snkbucl
|9 267496
|
| 700 |
1 |
|
|a Novotný, Vladimír,
|d 1946-2012
|4 aut
|9 201645
|
| 700 |
1 |
|
|a André, I.
|4 aut
|9 785319
|
| 773 |
0 |
|
|t Protialkoholický obzor
|g Roč. 29, č. 1 (1994), s. 1-6
|
| 850 |
|
|
|a Slovenská národná knižnica
|
| 852 |
|
|
|a Slovenská národná knižnica
|
| 954 |
|
|
|a odborná, vedecká literatúra pôvodná (slovenská)
|2 lita
|
| 958 |
|
|
|a article2022
|
| 958 |
|
|
|a NB
|
| 958 |
|
|
|a RK
|
| 958 |
|
|
|a MI
|
| 958 |
|
|
|a OND
|
| 958 |
|
|
|a EUIPO
|
| 992 |
|
|
|a RBX
|
| 999 |
|
|
|c 2806739
|d 2808669
|